Beatles Song Titles - Words that appear at least twice in song titles - Statistics

General Stats
  • This quiz has been taken 5,629 times
  • The average score is 48 of 100
Answer Stats
# TIMES WORD % Correct
19 I
98%
18 A
95%
9 Love
94%
21 The
93%
26 You
92%
17 Me
88%
15 To
82%
8 In
80%
4 She
80%
5 Be
78%
5 Do
78%
4 Her
76%
6 It
75%
10 My
74%
3 We
73%
8 And
72%
8 Your
71%
3 Day
69%
3 on
69%
2 So
67%
5 For
65%
2 Can
64%
2 No
64%
6 All
61%
3 is
61%
6 Hey
60%
2 Let
60%
6 Want
59%
4 Girl
58%
3 With
57%
7 I'm
56%
6 of
56%
3 There
56%
2 When
55%
4 Life
54%
3 Back
53%
4 Get
53%
3 Night
51%
3 Why
51%
6 Don't
50%
2 Here
50%
3 Sun
50%
2 Help
49%
3 Man
49%
2 From
48%
3 Please
48%
4 Good
47%
3 That
47%
2 Can't
46%
2 Need
45%
2 Boy
44%
3 Hold
44%
2 If
44%
3 Know
44%
6 Got
43%
4 Baby
42%
6 Long
42%
2 One
42%
4 What
42%
4 Mr.
40%
2 This
39%
2 See
37%
2 Too
37%
3 Revolution
36%
2 Road
36%
2 Together
36%
3 You're
36%
3 It's
35%
2 Something
35%
2 Bird
34%
2 Blue
34%
3 Little
33%
3 She's
33%
3 Down
32%
4 Honey
32%
2 Never
32%
2 Dear
31%
4 I'll
30%
2 Just
30%
3 Only
29%
3 Tell
29%
3 Said
28%
2 Should
28%
2 Time
28%
2 Home
27%
3 I've
27%
2 Won't
27%
3 Cry
26%
2 Money
26%
2 Hide
24%
2 Through
24%
2 Better
22%
2 Pie
22%
2 Dig
21%
2 Morning
19%
2 Mother
19%
2 Much
19%
2 Roll
19%
2 Everybody's
17%
2 Name
13%
No matching quizzes found
Score Distribution
Percent of People with Each Score
Percentile by Number Answered
Your Score History
You have not taken this quiz